Catálogo

Vista normal Vista MARC

Entrada Personal Name

Número de registros utilizados en: 1

001 - CONTROL NUMBER

  • control field: 17520

003 - CONTROL NUMBER IDENTIFIER

  • control field: DLC

005 - DATE AND TIME OF LATEST TRANSACTION

  • control field: 20250926131141.0

008 - FIXED-LENGTH DATA ELEMENTS

  • fixed length control field: 060623n| acannaabn |a aaa c

010 ## - LIBRARY OF CONGRESS CONTROL NUMBER

  • LC control number: nr2006016834

024 7# - OTHER STANDARD IDENTIFIER

  • Standard number or code: 0000 0000 5170 9280
  • Source of number or code: isni

024 7# - OTHER STANDARD IDENTIFIER

  • Standard number or code: 0000-0001-9698-4072
  • Source of number or code: orcid

035 ## - SYSTEM CONTROL NUMBER

  • System control number: (OCoLC)oca06983605

040 ## - CATALOGING SOURCE

  • Original cataloging agency: UkOxU
  • Language of cataloging: spa
  • Transcribing agency: Mx-PuUPA
  • Modifying agency: NL-RoEU
  • Modifying agency: Mx-PuUPA
  • Description conventions: rda

046 ## - SPECIAL CODED DATES

  • Birth date: 1978-

100 1# - HEADING--PERSONAL NAME

  • Personal name: Kole, Erik,
  • Dates associated with a name: 1978-

373 ## - ASSOCIATED GROUP

  • Associated group: Universidad Erasmo de Róterdam
  • Source of term: naf

374 ## - OCCUPATION

  • Occupation: Profesor asistente
  • Occupation: Autor

375 ## - GENDER

  • Gender: hombre

377 ## - ASSOCIATED LANGUAGE

  • Language code: eng

400 1# - SEE FROM TRACING--PERSONAL NAME

  • Personal name: Kole, H. J. W. G.
  • Dates associated with a name: 1978-

400 1# - SEE FROM TRACING--PERSONAL NAME

  • Personal name: Kole, Hendrikus Johannes Geradus,
  • Dates associated with a name: 1978-

670 ## - SOURCE DATA FOUND

  • Source citation: Website Erasmus University Rotterdam, viewed December 22, 2023
  • Uniform Resource Identifier: https://www.eur.nl/people/erik-kole

670 ## - SOURCE DATA FOUND

  • Source citation: Selecting copulas for risk management, 2006:
  • Information found: t.p. (Erik Kole; Erasmus Univ. Rotterdam)

670 ## - SOURCE DATA FOUND

  • Source citation: Backtesting Value-at-Risk and Expected Shortfall in the Presence of Estimation Error

670 ## - SOURCE DATA FOUND

  • Source citation: Email from author, June 27, 2006
  • Information found: (Hendrikus Johannes Geradus Kole; Dr. Erik Kole; b. July 18, 1978)

678 ## - BIOGRAPHICAL OR HISTORICAL DATA

  • Biographical or historical data: Erik Kole is an assistant professor at the Econometric Institute of Erasmus University Rotterdam. His research interests include asset pricing, risk management and financial econometrics, with a focus on crises and crashes in financial markets. He has published his research in international academic journals, like the Journal of Applied Econometrics and the Journal of Banking and Finance. Professor Kole teaches in the Quantitative Finance program of the MSc Econometrics and Management Science. He is academic director of the Dutch and International bachelors in Econometrics and Operations Research. He was a visiting scholar in the department of Economics of Pompeu Fabra University in Barcelona in 2019. He obtained his PhD in 2006 from the Rotterdam School of Managament.